Reading for pleasure, / (Record no. 18562)
[ view plain ]
| 000 -CABECERA | |
|---|---|
| campo de control de longitud fija | 00690cam a22002171 4500 |
| 001 - NÚMERO DE CONTROL | |
| campo de control | 000019044 |
| 005 - FECHA Y HORA DE LA ÚLTIMA TRANSACCIÓN | |
| campo de control | 20200929165917.0 |
| 008 - DATOS DE LONGITUD FIJA--INFORMACIÓN GENERAL | |
| campo de control de longitud fija | 730410s1957 nyu 000 0 eng |
| 010 ## - NÚMERO DE CONTROL DE LA BIBLIOTECA DEL CONGRESO | |
| Número de control de LC | 57008166 |
| 040 ## - FUENTE DE LA CATALOGACIÓN | |
| Centro catalogador/agencia de origen | DO-SdBNP |
| Centro/agencia transcriptor | DLC |
| Centro/agencia modificador | DLC |
| 050 00 - SIGNATURA TOPOGRÁFICA DE LA BIBLIOTECA DEL CONGRESO | |
| Número de clasificación | PS659 |
| Número de documento/Ítem | .C4 |
| 082 00 - NÚMERO DE LA CLASIFICACIÓN DECIMAL DEWEY | |
| Número de clasificación | 810.82 |
| 100 1# - ENTRADA PRINCIPAL--NOMBRE DE PERSONA | |
| Nombre de persona | Cerf, Bennett, |
| Fechas asociadas al nombre | 1898-1971, |
| Término indicativo de función/relación | ed. |
| 9 (RLIN) | 40967 |
| 245 10 - MENCIÓN DE TÍTULO | |
| Título | Reading for pleasure, / |
| Mención de responsabilidad, etc. | chosen with introd. and comment by Bennett Cerf. |
| 250 ## - MENCIÓN DE EDICIÓN | |
| Mención de edición | [1st ed.] |
| 260 ## - PUBLICACIÓN, DISTRIBUCIÓN, ETC. | |
| Lugar de publicación, distribución, etc. | New York, : |
| Nombre del editor, distribuidor, etc. | Harper, |
| Fecha de publicación, distribución, etc. | [1957]. |
| 300 ## - DESCRIPCIÓN FÍSICA | |
| Extensión | 769 p. ; |
| Dimensiones | 23 cm. |
| 650 #0 - PUNTO DE ACCESO ADICIONAL DE MATERIA--TÉRMINO DE MATERIA | |
| Término de materia o nombre geográfico como elemento de entrada | American prose literature |
| Subdivisión cronológica | 20th century. |
| 9 (RLIN) | 40968 |
| 650 #0 - PUNTO DE ACCESO ADICIONAL DE MATERIA--TÉRMINO DE MATERIA | |
| Término de materia o nombre geográfico como elemento de entrada | English prose literature |
| Subdivisión cronológica | 20th century. |
| 9 (RLIN) | 40969 |
| 910 ## - DATOS DE OPCIÓN DEL USUARIO (OCLC) | |
| Datos de opción del usuario | Catalogación derivada / LC |
| Estado de retiro | Estado de pérdida | Restricciones de uso | No para préstamo | Código de colección | Localización permanente | Ubicación/localización actual | Ubicación en estantería | Fecha de adquisición | Número de inventario | Total de préstamos | Signatura topográfica completa | Código de barras | Fecha visto por última vez | Precio válido a partir de | Tipo de ítem Koha |
|---|---|---|---|---|---|---|---|---|---|---|---|---|---|---|---|
| Excluido de préstamo | Monografías: Libros y Folletos | General | General | En catalogación | 24.05.2010 | LF1 | 810.82 | 19044-10 | 25.06.2020 | 25.06.2020 | No se presta |
